Countries of OPEC Quiz Stats

 Plays Quiz Updated Nov 1, 2021

     
Support Sporcle.
Go Orange.
Score 0/13 Timer 03:00
1 Play Today
% Correct
Saudi Arabia
95.7%
Iran
95.1%
Iraq
94.6%
United Arab Emirates
81.4%
Kuwait
77.2%
Venezuela
70.1%
Libya
55.2%
Algeria
49%
Nigeria
48.4%
Angola
24.1%
Gabon
22.3%
Equatorial Guinea
21.4%
Republic of the Congo
12.8%

From the Vault

Nursery Rhymes

by KarenNfld

Sporcler, sporcler, how do your quiz scores grow?
Remove Ads.
Support Sporcle.
Get the best of Sporcle when you Go Orange. This ad-free experience offers more features, more stats, and more fun while also helping to support Sporcle. Thank you for becoming a member.

Show Comments

Extras

Top Quizzes Today


Score Distribution

Your Account Isn't Verified!

In order to create a playlist on Sporcle, you need to verify the email address you used during registration. Go to your Sporcle Settings to finish the process.

Report this User

Report this user for behavior that violates our Community Guidelines.

Details: